| 000 | 01143aas a2200229 4500 | ||
|---|---|---|---|
| 999 |
_c53836 _d53836 |
||
| 001 | 768714001 | ||
| 003 | CO-MdFUSB | ||
| 005 | 20171121150034.0 | ||
| 008 | 170808s1997 xxu||||| |||| 00| 0 eng d | ||
| 022 | _a0098-9444 | ||
| 040 |
_aCO-MdFUSB _bspa _cCO-MdFUSB _dCO-MdFUSB |
||
| 041 | _aeng | ||
| 100 |
_aCahill, Jane M. _eautor |
||
| 242 | _aRosetas reales de culturas lejanas | ||
| 245 | 1 | 0 |
_aRoyal rosettes from far-flung cultures _c/ Jane M. Cahill |
| 300 |
_aVolumen 23. Número 5 (1997), páginas 52-55 _c: 28 cm. |
||
| 520 | 1 | _aEn el arte de los antiguos imperios y reinos del Cercano Oriente, desde los hititas en Anatolia hasta los asirios en Mesopotamia, desde el siglo XIV hasta el siglo VII a. C., los rossetes indicaron realeza. Esta breve encuesta se inicia en el siglo XIV a.C.E. con los hititas, que colocaban rossetes alados, previamente usados para representar a su dios del sol, en los sellos de su gobernante. | |
| 546 | _aTexto en inglés | ||
| 650 | 7 |
_9403 _aExcavaciones arqueológicas |
|
| 773 | 0 |
_tBiblical Archaeology Review _049395 _959488 _gVolumen 23. Número 5 (1997), páginas 52-55 _qPágina 52 |
|
| 942 | _cANA | ||